00318nam a2200145Ia 4500008004100000020001500041041001200056082001600068100001600084245001300100250000800113260002900121300000800150650001400158221030s9999 xx 000 0 und d a8176569402 aEnglish a105.23bKan aY. Kanetkar 0aLet Us C a5th bBPB PubaNew Delhic2004 a746 aComputers